000 00791nam a2200253Ia 4500
003 OSt
005 20221005031111.0
006 a|||||r|||| 00| 0
007 ta
008 221004b |||||||| |||| 00| 0 eng d
020 _a9780745624426 (pbk)
_c1321.35
024 _a96412
037 _b409, 19/01/2009, Bhartiya Sahitya Bhawan
_cTextual
040 _aCRL
_cCRL
_beng
041 _2eng
_aeng
082 _aO111:gJ, P8
100 _aCannon Christopher
_9557113
245 0 _aMiddle English literature
_b A cultural history
260 _aCambridge
_bPolity Press UK
_c2008
300 _axi, 256p.
_ccm.
650 _aENGLISH LITERATURE
942 _hO111:gJ, P8
_cTEXL
_2cc
999 _c937195
_d937195